The scientific credibility of Freud's theories and therapy / (Record no. 1874)

MARC details
000 -LEADER
fixed length control field 01107cam a2200205 a 4500
020 ## - INTERNATIONAL STANDARD BOOK NUMBER
ISBN 0231062141
020 ## - INTERNATIONAL STANDARD BOOK NUMBER
ISBN 023106215X (pbk.)
050 00 - CALL NUMBER
Classification number BF173.F85
Item number F55
100 1# - AUTHOR
Personal name Fisher, Seymour.
245 14 - TITLE
Title The scientific credibility of Freud's theories and therapy /
Statement of responsibility, etc Seymour Fisher & Roger P. Greenberg.
250 ## - EDITION
Edition statement Columbia University Press Morningside ed.
260 ## - PUBLICATION INFORMATION
Place of publication New York, N.Y. :
Name of publisher Columbia University Press,
Year of publication 1985.
300 ## - DESCRIPTION
Number of Pages x, 502 p. ;
Dimensions 24 cm.
500 ## - NOTES
General note Reprint. Originally published: New York : Basic Books, c1977.
500 ## - NOTES
General note Includes indexes.
505 ## - FORMATTED CONTENTS NOTE
Table of Content 1. HOW CAN FREUD'S IDEAS BE SENSIBLE TESTED<br/>2. THE DREAM THEORY<br/>3. PERSONALITY TYPES: ORAL AND ANAL CHARACTERS<br/>4. OEDIPAL DYNAMICS AND CONSEQUENCES<br/>5. THE ORIGINS OF HOMOSEXUALITY<br/>6. PARANOIA: DEFENSIVE PROJECTION OF HOMOSEXUAL IMPULSES<br/>7. FREUD PSYCHOANALYTIC THERAPY AND THE REALITIES OF CURRENT ANALYTIC PRACTICES<br/>8. THE OUTCOME OF PSYCHOANALYTIC TREATMENT<br/>9. THE MECHANISMS OF PSYCHOANALYTIC THERAPY: THE SEARCH FOR INSIGHT
650 #0 - SUBJECTS
Topical Term Psychoanalysis.
700 1# - OTHER AUTHORS
Personal name Greenberg, Roger P.
942 ## - ADDED ENTRY ELEMENTS (KOHA)
Koha item type Books
Holdings
Withdrawn status Lost status Collection code Home library Current library Shelving location Date acquired Full call number Accession Number Copy number Koha item type
    Reference Methodist University Library Main Methodist University Library Main General Stacks   BF173.F85 F55 4684 1 Books
Copyright © 2026  MUG Library